| 000 | 004810000a22001690004500 | ||
|---|---|---|---|
| 005 | 20120302055338.0 | ||
| 942 | _cBOOK | ||
| 100 | _a Dighe,Prabhakar | ||
| 245 | _a Yugpurush Dr.Baabaasaaheb Aambedkar:Agnidiyaatuna Taawoon Sulaakhun Nighaalele Jeewan Kartutva | ||
| 260 | _aDadar:Raghuvanshi Prakaashan,1985. | ||
| 300 | _a156p. | ||
| 040 | _aMAR | ||
| 365 | _b12/- | ||
| 650 | _aCharitra | ||
| 650 | _aBaabaasaaheb Aambedkar-Charitra | ||
| 650 | _aJeewan Kartutva-Aambedkar | ||
| 999 |
_c348156 _d348153 |
||